• 首页
  • 本馆介绍
  • 公告通知
  • 最新文献
  • 馆藏检索
  • 电子资源
  • 读者导购
  • 参考咨询
  • 我的图书馆
  • 登录
  • 详细信息显示
  • 放入我的书架
  • 预约/预借图书
  • 作者相关作品
  • 分类相关作品
  • 丛书相关作品
  • 出版社相关作品

书目信息

  • 表格格式
  • 工作单格式
  • 卡片格式
题名:
魁阁
    
 
作者: 赵春盛 主编
分册: 2020年第1期(总第3期)  
出版信息: 北京   社会科学文献出版社  2020
页数: 226页
开本: 24cm
丛书名:
单 册:
中图分类: C91-53 , C91
科图分类:
主题词: 社会学--文集
电子资源:
ISBN: 978-7-5201-7116-8
000 00945nam0 2200253 450
001 2438975240
005 20240908104952.46
010    @a978-7-5201-7116-8@dCNY89.00
100    @a20201209d2020 em y0chiy0120 ea
101 0  @achi
102    @aCN@b110000
105    @aab z 000yy
200 1  @a魁阁@9kui ge@h2020年第1期(总第3期)@b专著@dKui Ge@hNo.3@f赵春盛主编@zeng
210    @a北京@c社会科学文献出版社@d2020
215    @a226页@c图,照片,地图@d24cm
300    @a云南大学主办
330    @a本书收录了《从费孝通学术研究被质疑谈起》《从“玉村”到“玉城”——一个滇中村落的空间变迁》《以“魁阁”为中心的心理学与社会学交汇》《王康与<时代评论> 》《为什么讨论民族志电影的情景事实》《人类学的东方:关于阿拉伯世界的理论的边界》等文章。
510 1  @aKui Ge@hNo.3@zeng
606 0  @a社会学@j文集
690    @aC91-53@v5
690    @aC91@v4
701  0 @a赵春盛@9zhao chun sheng@4主编
801  2 @aCN@b58marc.cn@c20210212
905    @aZUCC@dC91@e83
    
    魁阁.2020年第1期(总第3期)=Kui Ge.No.3/赵春盛主编.-北京:社会科学文献出版社,2020
    226页:图,照片,地图;24cm
    云南大学主办
    
    ISBN 978-7-5201-7116-8:CNY89.00
    本书收录了《从费孝通学术研究被质疑谈起》《从“玉村”到“玉城”——一个滇中村落的空间变迁》《以“魁阁”为中心的心理学与社会学交汇》《王康与<时代评论> 》《为什么讨论民族志电影的情景事实》《人类学的东方:关于阿拉伯世界的理论的边界》等文章。
●
相关链接 在五车中查询图书 在当当中查询图书 在豆瓣中查询图书


正题名:魁阁     索取号:C91/83         预约/预借

序号 登录号 条形码 馆藏地/架位号 状态 备注
1 2001764461   2001764461   第四书库/ [索取号:C91/83] 在馆    
2 2001764462   2001764462   第四书库/ [索取号:C91/83] 在馆    
3 2001764463   2001764463   第四书库/四26架B面5层3列/ [索取号:C91/83] 在馆    
4 2001764464   2001764464   第四书库/四26架B面5层3列/ [索取号:C91/83] 在馆    
5 2001764465   2001764465   第四书库/四26架B面5层3列/ [索取号:C91/83] 在馆    
6 2001764466   2001764466   第四书库/四26架B面5层3列/ [索取号:C91/83] 在馆    
山东省滨州职业学院图书馆 欢迎您!
大连网信软件有限公司© 版权所有